00393nam a22001337a 45000050016000000200023000160350013000390370013000521000017000652450081000822600050001633000026002137000020002392012050504284.0 a8175344849c225.00 aB-167996 aDPLbENG aSingh, Avtar aTextbook on the transfer of property Act /cby Avtar Singh and Harpreet Kaur aNew DelhibUniversal Law Publishing Co.c2006 axxvii, 412p.c22 cms. aKaur, Harpreet